|
|
|
|
| LEADER |
00000nam a2200000 a 4500 |
| 001 |
vtls010631658 |
| 003 |
SK-MaSNL |
| 005 |
20260301090754.0 |
| 008 |
250314s1963 xo 2 000 0 slo |
| 015 |
|
|
|a SNBA1963
|
| 035 |
|
|
|a 13443B11-AD01-4123-AA68-8E774960D550
|
| 035 |
|
|
|a urn:nbn:sk:snk-amjzia
|
| 035 |
|
|
|a urn:nbn:sk:snk-am007ybs
|
| 040 |
|
|
|a SNK
|b slo
|c SNK
|e AACR2
|
| 041 |
0 |
|
|a slo
|
| 044 |
|
|
|a xo
|c SK
|
| 080 |
|
|
|a 930.26(437.6)(084.1)
|2 1981
|
| 100 |
1 |
|
|a Budinský-Krička, Vojtech,
|d 1903-1993
|4 aut
|9 256521
|
| 245 |
1 |
0 |
|a Nález poľnohospodárskych nástrojov na slovanskom sídlisku v Smižanoch
|c Vojtech Budinský-Krička
|
| 260 |
|
|
|a Nitra
|b [Archeologický ústav SAV]
|c 1963
|
| 300 |
|
|
|a S. 143-152
|c 4°
|
| 500 |
|
|
|a Separátny odtlačok z: Študijné zvesti AÚ SAV, 11
|
| 650 |
0 |
7 |
|a archeologické nálezy
|2 SNKPH
|9 4975
|
| 651 |
|
7 |
|a Smižany (Slovensko)
|2 SNKPH
|9 29314
|
| 655 |
|
7 |
|a separáty
|2 SNKPH
|9 70334
|
| 655 |
|
7 |
|a štúdie
|2 SNKPH
|9 57033
|
| 852 |
|
|
|a Slovenská národná knižnica
|
| 958 |
|
|
|a EUIPO
|
| 958 |
|
|
|a OND
|
| 999 |
|
|
|c 669162
|d 671092
|
| 952 |
|
|
|a SNK
|b SNK
|y PREZ
|7 0
|p 17A0998637
|o snkSB 30525
|i snkD 276/81
|8 1
|0 0
|1 0
|4 0
|d 2014-10-29
|f 1
|l 0
|r 2025-04-04 00:00:00
|w 2026-02-23
|